AFL Most Disposals in a Game by Year Since 2000 - Statistics

General Stats
  • This quiz has been taken 58 times
    16 since last reset
  • The average score is 19 of 26
Answer Stats
Year Team Disposals Answer % Correct
2024 Fremantle 46 Caleb Serong
100%
2022 Melbourne 45 Clayton Oliver
100%
2013 Gold Coast 49 Gary Ablett
100%
2012 Gold Coast 53 Gary Ablett
100%
2025 North Melbourne 54 Harry Sheezel
100%
2021 Brisbane 46 Lachie Neale
100%
2019 Brisbane 51 Lachie Neale
100%
2005 Hawthorn/Fremantle/Bulldogs 39 Sam Mitchell/Josh Carr/Scott West
100%
2018 Hawthorn 54 Tom Mitchell
100%
2017 Hawthorn 50 Tom Mitchell
100%
2009 Collingwood 48 Dane Swan
93%
2016 Geelong/Brisbane 48 Patrick Dangerfield/Tom Rockliff
87%
2001 Collingwood 46 Nathan Buckley
80%
2015 St Kilda/Brisbane 45 David Armitage/Tom Rockliff
73%
2020 Bulldogs 40 Jackson Macrae
73%
2023 Hawthorn 41 James Sicily
73%
2014 Brisbane 47 Tom Rockliff
73%
2008 West Coast/Port Adelaide 45 Matthew Priddis/Peter Burgoyne
60%
2011 Adelaide 51 Scott Thompson
60%
2003 St Kilda 40 Robert Harvey
53%
2002 St Kilda/Collingwood 40 Robert Harvey/Paul Licuria
53%
2006 Bulldogs 45 Scott West
47%
2010 Carlton 45 Bryce Gibbs
40%
2000 Carlton 45 Scott Camporeale
27%
2004 Richmond 42 Joel Bowden
20%
2007 Melbourne 42 Travis Johnstone
13%
No matching quizzes found
Score Distribution
Percent of People with Each Score
Percentile by Number Answered
Your Score History
You have not taken this quiz since the last reset